| 000 | 01308cam a22003737a 4500 | ||
|---|---|---|---|
| 003 | CHAP | ||
| 005 | 20220329133443.0 | ||
| 008 | 971013s1993 r 00010 d | ||
| 010 | _a6561 | ||
| 011 | _a7533 | ||
| 035 | _a6756 | ||
| 040 | _cCHAP | ||
| 090 | _aTesis | ||
| 100 | 0 | 0 |
_aOlivares Huerta, Gilberto. _983047 |
| 245 | 0 | _aProducción y comercialización del romerito (Suaeda diffusa Wats) en San Andrés Mixquic, Tláhuac, D.F. | |
| 260 |
_aChapingo, Méx. : _bEl autor, _c1993 |
||
| 300 | _a111 h. | ||
| 502 | _aTesis (Ing. Agr. Esp. en Economía Agrícola) -- UACH. Departamento de Economía Agrícola | ||
| 590 |
_aALEPH _b10 _c20130110 _lUCH01 _h1219 |
||
| 590 |
_aBATCH-UPD _b10 _c20130110 _lUCH01 _h0015 |
||
| 590 |
_aBATCH-UPD _b10 _c20130110 _lUCH01 _h1610 |
||
| 590 |
_aBATCH-UPD _b10 _c20130409 _lUCH01 _h1953 |
||
| 590 |
_aBATCH-UPD _b10 _c20130410 _lUCH01 _h1005 |
||
| 590 |
_aBATCH-UPD _b10 _c20130914 _lUCH01 _h1849 |
||
| 590 |
_aCONVERSION _b10 _c20130109 _lUCH01 _h1305 |
||
| 650 | 1 | 4 |
_aRomeritos _xMercadeo. _999507 |
| 650 | 1 | 4 |
_aRomeritos _xMéxico (D.F.) _999508 |
| 650 | 1 | 4 |
_aRomeritos _xRendimiento. _999509 |
| 700 | 0 |
_aMolina Arellano, Artemio. _977334 |
|
| 700 | 0 |
_aSoto Valdés, Marcos. _9108925 |
|
| 901 | _aBK | ||
| 942 | _cTESIS | ||
| 949 |
_bBC _cTES _d-16366 _eTS1 _h25885 _i6756 _si |
||
| 999 |
_c6561 _d6561 |
||